banner-ar

الحياة الموسيقية فى سويسرا : (Record no. 65208)

MARC details
000 -الفاتح
حقل البيانات ثابتة الطول 00696nam a2200205Ia 4500
005 - وقت وتاريخ اخر تعامل مع التسجيلة
رقم الضبط 20240530110812.0
008 - عناصر البيانات ثابتة الطول - معلومات عامة
حقل البيانات ثابتة الطول 140319s1993 au a b 000 0 ara d
017 ## - رقم الايداع القانونى
رقم الايداع القانونى 1993/1699
المصدر ( الهيئة المختصة) مصر . دار الكتب
040 ## - مصدر الفهرسة
وكالة الفهرسة الأصلية GCL /
وكالة النسخ GCL
082 04 - رقم تصنيف ديوى العشرى
رقم الطبعة 21
رقم التصنيف 780.9494 /
رقم المادة ر ح
100 1# - المدخل الرئيسى - إسم شخصى
الإسم الشخصى روسية ، دومينيك
245 12 - بيان العنوان
العنوان الحياة الموسيقية فى سويسرا :
بقية العنوان 8 مقالات /
بيان المسئوليه,etc دومينيك روسيه
250 ## - بيان الطبعة
بيان الطبعة ط.1
260 ## - PUBLICATION, DISTRIBUTION, ETC. (IMPRINT)
تاريخ النشر أو التوزيع 2010 .
300 ## - الوصف المادى
التعداد 116 ص. :
تفاصيل ماديه اخرى للوعاء ايض. ؛
أبعاد الوعاء 20 سم.
650 07 - المدخل الاضافى بالموضوع-مصطلح موضوعى
مصطلح موضوعي الموسيقى
مصدر الرأس أو المصطلح qrmak
التقسيم الفرعي الجغرافي سويسرا
651 ## - المدخل الاضافى بالموضوع - اسم جغرافى
مصدر الرأس أو المصطلح qrmak
942 ## - عناصر المدخل الإضافي( كوها)
مصدر التصنيف او مخطط الترفيف Dewey Decimal Classification
Koha [default] item type كتاب
260 ## - PUBLICATION, DISTRIBUTION, ETC. (IMPRINT)
-- عمان :
-- دار دجلة،
Holdings
حالة التراجع حالة الفقد حالة تلف ليس للاعارة المكان المؤقت الموقع الحالى موقع الترفيف تاريخ الاكتساب اجمالي اﻻعارات رقم الطلب الباركود تاريخ اخر مشاهدة تاريخ تفعيل السعر نوع وعاء كوها
        مكتبة القاهرة الكبرى مكتبة القاهرة الكبرى   05/15/2019   780.9494 / ر ح 165893 05/15/2019 05/15/2019 كتاب

Powered By

EGPV